Biblioteca

Los peligros del misticismo (Registro nro. 59891)

Detalles MARC
000 -LÍDER
Campo fijo de descripción fija 00845aab a2200217 4500
001 - NÚMERO DE CONTROL
Campo de control 768714001
003 - IDENTIFICADOR DEL NÚMERO DE CONTROL
Campo de control CO-MdFUSB
005 - FECHA Y HORA DE LA ULTIMA TRANSACCIÓN
control field 20240613120039.0
008 - ELEMENTOS DE LONGITUD FIJA -- INFORMACIÓN GENERAL
Campo fijo de descripción fija -- Información general 170523s1999 cr ||||| |||| 00| 00spa d
022 ## - NÚMERO INTERNACIONAL NORMALIZADO PARA PUBLICACIONES SERIADAS
Número Internacional Normalizado para Publicaciones Seriadas 1409-1968
040 ## - FUENTE DE CATALOGACIÓN
Agencia Catalogadora CO-MdFUSB
Idioma de catalogación spa
Agencia que realiza la transcripción CO-MdFUSB
Agencia que realiza la modificación CO-MdFUSB
041 ## - CÓDIGO DE IDIOMA
Código de idioma para texto/pista de sonido o título separado spa
100 1# - ASIENTO PRINCIPAL--NOMBRE PERSONAL
Nombre personal Hermano Pablo
Término relacionador autor
245 14 - TÍTULO
Título Los peligros del misticismo
Mención de responsabilidad / Hermano Pablo
300 ## - DESCRIPCIÓN FÍSICA
Extensión Volumen 17. Número 1 (1999), páginas 68-71
Dimensiones : 27 cm.
520 ## - NOTA DE RESUMEN, ETC.
Nota de sumario, etc. No toda idea que nos viene a la mente, aun cuando no viole ningún precepto bíblico, es necesariamente de Dios.<br/>No dejes pasar ni un día tan solo sin darte tiempo para el estudio de la Santa Biblia.
653 ## - TÉRMINO DE INDIZACIÓN - NO CONTROLADO
Término no controlado Misticismo
773 0# - ASIENTO DE ITEM FUENTE
Título Apuntes Pastorales
Biblionumber 49442
Itemnumber 60187
Parte(s) relacionada(s) / Volumen., número. (mes año), páginas Volumen 17. Número 1 (1999), páginas 68-71
Enumeración y primera página Página 68
942 ## - TIPO DE MATERIAL (KOHA)
Tipo de Item KOHA Artículos de Revista
945 ## - INFORMACIÓN LOCAL DEL REGISTRO
Catalogador JTF-925

No hay ítems disponibles.

Biblioteca FUSBC | Teléfono: (57+4) 349 88 10 Ext. 141| WhatsApp (+57) 3005338115 
E-mail: biblioteca@unisbc.edu.co | Calle 76 87-14 Robledo Palenque, Medellín, Colombia

Con tecnología Koha